书目信息 |
| 题名: |
信息论
|
|
| 作者: | 傅祖芸 编著 | |
| 分册: | ||
| 出版信息: | 北京 电子工业出版社 2006 |
|
| 页数: | 436页 | |
| 开本: | 26cm | |
| 丛书名: | ||
| 单 册: | ||
| 中图分类: | TN911.2 , G201 | |
| 科图分类: | ||
| 主题词: | 信息论--高等学校--教材 , 信息论 , 信息论 , 传播学 | |
| 电子资源: | ||
| ISBN: | 7-5053-6850-8 | |
| 000 | 01023nam0 2200301 450 | |
| 001 | 07079000395 | |
| 005 | 20070721152740.31 | |
| 010 | @a7-5053-6850-8@dCNY33.00 | |
| 100 | @a20010911d2006 em y0chiy0110 ea | |
| 101 | 0 | @achi |
| 102 | @aCN@b110000 | |
| 105 | @ay z 000yy | |
| 200 | 1 | @a信息论@Axin xi lun@e基础理论与应用@f傅祖芸编著 |
| 210 | @a北京@c电子工业出版社@d2006 | |
| 215 | @a436页@d26cm | |
| 300 | @a面向21世纪高等学校电子信息类教材 | |
| 314 | @a傅祖芸(女,1937~),中国科学院研究生院教授,中国通信学会中国通信理论委员会委员,著有《信息论基础》等。 | |
| 330 | @a本书内容包括:信息及信息的度量;离散信源和连续信源的信息熵;平均失真度和信息率失真函数;网络信息理论以及保密系统的信息理论等。 | |
| 517 | 1 | @a基础理论与应用@Aji chu li lun yu ying yong |
| 606 | 0 | @a信息论@x高等学校@j教材 |
| 606 | 0 | @a信息论 |
| 606 | 0 | @a信息论 |
| 606 | 0 | @a传播学 |
| 690 | @aTN911.2@v4 | |
| 690 | @aG201@v3 | |
| 701 | 0 | @a傅祖芸@Afu zu yun@4编著 |
| 801 | 0 | @aCN@bTAOJIN@c20070721 |
| 905 | @a10447@dG201@e237 | |
| 信息论:基础理论与应用/傅祖芸编著.-北京:电子工业出版社,2006 |
| 436页;26cm |
| 面向21世纪高等学校电子信息类教材 |
| ISBN 7-5053-6850-8:CNY33.00 |
| 本书内容包括:信息及信息的度量;离散信源和连续信源的信息熵;平均失真度和信息率失真函数;网络信息理论以及保密系统的信息理论等。 |
| ● |
| 相关链接 |
|
|
|
|
正题名:信息论
索取号:G201/237
 
预约/预借
| 序号 | 登录号 | 条形码 | 馆藏地/架位号 | 状态 | 备注 |
| 1 | 0822651 | 208226515 | 第一样本阅览室/ [索取号:G201/237] | 在馆 | |
| 2 | 0822652 | 208226524 | 第四借阅区/ [索取号:G201/237] | 在馆 | |
| 3 | 0822653 | 208226533 | 第四借阅区/ [索取号:G201/237] | 在馆 | |
| 4 | 0822654 | 208226542 | 第四借阅区/ [索取号:G201/237] | 在馆 | |
| 5 | 0822655 | 208226551 | 第四借阅区/ [索取号:G201/237] | 在馆 |